000 00451nam a22001337a 4500
003 OSt
005 20240401114524.0
008 240401b |||||||| |||| 00| 0 eng d
040 _cCentral Library MRSPTU
100 _aSarjeet Talwar (ਸਰਜੀਤ ਤਲਵਾਰ)
245 _aMain Rabb nu kyu Nahi Manda ?( ਮੈ ਰੱਬ ਨੂੰ ਕਿਉਂ ਨਹੀਂ ਮੰਨਦਾ)
260 _aBarnala
_bTarkbharti Parkashan
_c2007
942 _2ddc
_cBK
_n0
999 _c9925
_d9925